Guess 8 russian footballers by image - Statistics

General Stats
  • This quiz has been taken 150 times
  • The average score is 6 of 8
Answer Stats
Picture Answer % Correct
Lev Yashin
96%
Andrey Arshavin
91%
Aleksandr Golovin
84%
Igor Akinfeev
74%
Denis Cheryshev
71%
Mario Fernandes
63%
Artem Dzyuba
62%
Aleksandr Kerzhakov
26%
No matching quizzes found
Score Distribution
Percent of People with Each Score
Percentile by Number Answered
Your Score History
You have not taken this quiz